LEADER 00917nam a2200229 i 4500 001 991003051629707536 005 20021022145125.0 008 960610s1976 it ||| | ita 035 $ab11747559-39ule_inst 035 $aLE021FD225163$9ExL 040 $aDip. SSSC$bita 100 1 $aDorfles, Gillo$02261 245 14$aGli uni e gli altri :$btravestiti e travestimenti nell'arte, nel teatro, nel cinema, nella musica, nel cabaret e nella vita quotidiana /$ca cura di Gillo Dorfles...[et. al...] 260 $aRoma :$bArcana,$c1976 300 $a127 p. :$bill. ;$c29 cm. 650 4$aTravestitismo 907 $a.b11747559$b21-09-06$c24-10-02 912 $a991003051629707536 945 $aLE021FD CG21E14$g1$iLE021FD-2105$lle023$nFondo D'Amico$o-$pE0.00$q-$rn$so $t0$u0$v0$w0$x0$y.i11987406$z24-10-02 996 $aUni e gli altri$9905817 997 $aUNISALENTO 998 $ale021$b10-06-96$cm$da $e-$fita$git $h4$i1 LEADER 01652nam0 22003251i 450 001 UON00321335 005 20231205104141.412 010 $a978-84-612-7893-0 100 $a20090303d2008 |0itac50 ba 101 $ager 102 $aES 105 $a|||| ||||| 200 1 $aEntre tierra y mar$dZwischen Land und Meer$eArchitektur und Wirtschaftsweise landlicher Siedlungsplatze im Suden der romischen Provinz Lusitanien (Purtugal)$fFelix Teichner 210 $aMerida$cMuseo Nacional de Arte Romano$d2008 215 $a2 v.$cill.$d30 cm 316 $aMUSEO NACIONAL DE ARTE ROMANO MERIDA$5IT-UONSI N 3HISP. 316 $aMUSEO NACIONAL DE ARTE ROMANO MERIDA$5IT-UONSI N 3HISP.001/1 410 1$1001UON00264553$12001 $aStudia Lusitana$v3 606 $aSVILUPPO RURALE$xLusitania$xAntichita'$3UONC071004$2FI 606 $aLUSITANIA$xArcheologia$3UONC071005$2FI 620 $aES$dMérida$3UONL002380 676 $a936.6$cSTORIA DELL'ANTICA PENISOLA IBERICA E ISOLE ADIACENTI FINO AL 415$v21 700 1$aTEICHNER$bFélix$3UONV183068$0699153 712 $aMuseo Nacional de Arte Romano$3UONV259708$4650 801 $aIT$bSOL$c20240220$gRICA 912 $aUON00321335 950 $aSIBA - SISTEMA BIBLIOTECARIO DI ATENEO$dSI N 3 HISP. $eSI MC 32258 5 MUSEO NACIONAL DE ARTE ROMANO MERIDA 950 $aSIBA - SISTEMA BIBLIOTECARIO DI ATENEO$dSI N 3 HISP. 001 1 $eSI MC 32257 5 1 MUSEO NACIONAL DE ARTE ROMANO MERIDA 996 $aEntre tierra y mar$91371201 997 $aUNIOR